| 000 | 00913nam a22002417a 4500 | ||
|---|---|---|---|
| 999 |
_c16371 _d16371 |
||
| 003 | AR-CdUCM | ||
| 008 | 190503b ||||| |||| 00| 0 spa d | ||
| 040 |
_aMUNICIPALIDAD PROVINCIAL DEL CUSCO _cBIBLIOTECA MUNICIPAL DEL CUSCO |
||
| 041 | _hger | ||
| 082 |
_22ed. _a780.92 / _bF75 |
||
| 100 |
_aForkel, Johann N. _935779 |
||
| 245 | _aJuan Sebastián Bach / | ||
| 260 |
_aMéxico, D.F : _bFondo de Cultura Económica, _c1953. |
||
| 300 |
_a214 páginas ; _bfiguras, pentagráma, láminas, _c18 cm. |
||
| 440 |
_aBreviarios del Fondo de Cultura Económica. _n31 _935780 |
||
| 505 | _aContenido: La familia Bach -- Juan Sebastián Bach -- Bach en los claves -- Bach organista -- Bach como compositor ... | ||
| 650 |
_aMúsicos Alemanes _935781 |
||
| 650 |
_aBiografía _922 |
||
| 650 |
_aCompositor _95237 |
||
| 700 |
_aSalazar, Adolfo (traducción) _935782 |
||
| 942 |
_2ddc _cLIBROS |
||
| 945 |
_aachl _d2019-05-03 |
||